[Event "AUTO-OPEN-1608"]
[Site "http://www.queenalice.com/game.php?id=613282"]
[Date "2009.7.4"]
[Round "1"]
[White "eduardokalegari"]
[Black "julioisdi"]
[Result "0-1"]
[WhiteElo "1590"]
[BlackElo "1650"]

1. e4 e5 2. Nf3 d6 3. d4 f6 4. Bc4 Bg4 5. O-O a6 6. Nc3 b5 7. Be2 Nc6 8. d5 Bxf3
9. Bxf3 Nd4 10. Be3 b4 11. Ne2 Nxf3+ 12. gxf3 g6 13. f4 Bh6 14. Qd2 a5 15. fxe5
fxe5 16. Bxh6 Nf6 17. Bg7 Rg8 18. Bxf6 Qxf6 19. Ng3 O-O-O 20. Qe2 h5 21. Qa6+
Kd7 22. Qb5+ Ke7 23. Qd3 Qg5 24. Kh1 h4 25. Ne2 Rdf8 26. Rg1 Qf6 27. Raf1 Rg7
28. f4 exf4 29. Rxf4 Qxb2 30. Qh3 Re8 31. Qe6+ Kd8 32. Qf6+ Qxf6 33. Rxf6 Rxe4
0-1

[Event "AUTO-OPEN-1608"]
[Site "http://www.queenalice.com/game.php?id=613283"]
[Date "2009.7.4"]
[Round "1"]
[White "julioisdi"]
[Black "eduardokalegari"]
[Result "0-1"]
[WhiteElo "1651"]
[BlackElo "1791"]

1. e4 e5 2. Nf3 Nc6 3. c3 Nf6 4. Bb5 Bc5 5. Bxc6 bxc6 6. b4 Be7 7. Nxe5 Nxe4 8.
Qf3 Nf6 9. g4 O-O 10. g5 Nd5 11. h4 f6 12. gxf6 Bxf6 13. Qg3 Qe7 14. d4 d6 15.
Bf4 Re8 16. O-O dxe5 17. Bg5 h6 18. Bxh6 Kh7 19. Bd2 Bxh4 20. Qd3+ e4 21. Qc2
Bh3 22. Re1 Qf7 23. Re2 Qg6+ 0-1

[Event "AUTO-OPEN-1625"]
[Site "http://www.queenalice.com/game.php?id=620468"]
[Date "2009.7.17"]
[Round "1"]
[White "jumer6"]
[Black "eduardokalegari"]
[Result "1-0"]
[WhiteElo "2098"]
[BlackElo "1730"]

1. d4 d5 2. Nf3 Bg4 3. Ne5 Bf5 4. e3 f6 5. Nf3 e6 6. h3 Nc6 7. Nbd2 Bb4 8. c3
Bd6 9. Bb5 Qd7 10. Nh4 Nh6 11. Nxf5 Nxf5 12. e4 Nh4 13. Qh5+ Ng6 14. exd5 exd5
15. O-O O-O 16. Nf3 Nf4 17. Bxf4 Bxf4 18. Bd3 g6 19. Qg4 Qxg4 20. hxg4 Rae8 21.
Rfe1 Rxe1+ 22. Rxe1 f5 23. g5 h5 24. g3 Bd6 25. Re6 Kf7 26. Rf6+ Kg7 27. Re6 Nd8
28. Re2 c5 29. dxc5 Bxc5 30. Re5 Rh8 31. Rxd5 Be7 32. Rd7 Re8 33. Nd4 Kf8 34. f4
Bc5 35. Kg2 Bxd4 36. cxd4 Nc6 37. a3 Re3 38. Bc4 Na5 39. Bf7 Re2+ 40. Kf3 Rxb2
41. Bxg6 Rb3+ 42. Kg2 Rxa3 43. Rf7+ Kg8 44. Bxh5 Ra2+ 45. Kh3 Rd2 46. Rxf5 Rxd4
47. Rxa5 1-0

[Event "AUTO-OPEN-1625"]
[Site "http://www.queenalice.com/game.php?id=620469"]
[Date "2009.7.17"]
[Round "1"]
[White "eduardokalegari"]
[Black "jumer6"]
[Result "0-1"]
[WhiteElo "1840"]
[BlackElo "2045"]

1. e4 c5 2. Nf3 d6 3. d4 cxd4 4. Nxd4 Nf6 5. Nc3 Nc6 6. Bg5 Nxd4 7. Qxd4 e5 8.
Qd3 Be7 9. Be2 a6 10. O-O Be6 11. Rad1 Rc8 12. Rd2 Bc4 13. Qf3 b5 14. b3 Bxe2
15. Rxe2 Qc7 16. Nd5 Nxd5 17. Bxe7 Nxe7 18. Qg4 O-O 19. Re3 Qxc2 20. Rg3 Ng6 21.
Rh3 h6 22. Qd1 Qxe4 23. Qf3 Qxf3 24. Rxf3 Rc2 25. Rd3 Rd8 26. Rfd1 d5 27. R3d2
Rxd2 28. Rxd2 d4 29. Re2 d3 30. Rd2 Rc8 31. f3 Nf4 32. Kf2 Rc2 33. Ke3 Rxd2 34.
Kxd2 Nxg2 35. Kxd3 Kf8 36. Ke4 f6 37. Kf5 Kf7 38. Ke4 Ke6 0-1

[Event "AUTO-OPEN-1625"]
[Site "http://www.queenalice.com/game.php?id=620496"]
[Date "2009.7.17"]
[Round "1"]
[White "eduardokalegari"]
[Black "Edgard1995"]
[Result "0-1"]
[WhiteElo "1840"]
[BlackElo "1338"]

1. e4 e5 2. Nf3 Nc6 3. Nc3 Bc5 4. Bb5 Nf6 5. O-O d6 6. d3 Bg4 7. Bc4 Nd4 8. Be3
Nxf3+ 9. gxf3 Bh3 10. Re1 Nh5 11. Bxc5 Qg5+ 12. Kh1 Qg2# 0-1

[Event "AUTO-OPEN-1625"]
[Site "http://www.queenalice.com/game.php?id=620497"]
[Date "2009.7.17"]
[Round "1"]
[White "Edgard1995"]
[Black "eduardokalegari"]
[Result "1-0"]
[WhiteElo "1564"]
[BlackElo "1629"]

1. e4 c5 2. Nc3 e6 3. Nf3 d5 4. exd5 exd5 5. Bb5+ Bd7 6. Bxd7+ Qxd7 7. d3 d4 8.
Ne4 Nf6 9. Nxf6+ gxf6 10. Bf4 Bd6 11. Bxd6 Qxd6 12. Qd2 Nc6 13. O-O Ne5 14. Rae1
O-O-O 15. Nxe5 fxe5 16. c3 Rhe8 17. cxd4 cxd4 18. Rc1+ Kb8 19. Qc2 Rc8 20. Qb3
Qg6 21. Rc2 Rxc2 22. Qxc2 Rc8 23. Qb3 Rg8 24. g3 e4 25. Qc4 exd3 26. Qxd4 h5 27.
Rd1 Qg4 28. Qxg4 1-0

[Event "AUTO-OPEN-1625"]
[Site "http://www.queenalice.com/game.php?id=620498"]
[Date "2009.7.17"]
[Round "1"]
[White "eduardokalegari"]
[Black "salso"]
[Result "0-1"]
[WhiteElo "1726"]
[BlackElo "1984"]

1. e4 e5 2. Nf3 d6 3. Bc4 Bg4 4. Nc3 c6 5. O-O Be7 6. h3 Bxf3 7. Qxf3 Nf6 8. d3
Nbd7 9. Be3 b5 10. Bb3 Nc5 11. Bxc5 dxc5 12. Rad1 a5 13. a4 b4 14. Ne2 O-O 15.
g4 Ne8 16. Ng3 g6 17. Nf5 gxf5 18. exf5 Qd6 19. g5 Bxg5 20. Qg4 Qh6 21. Rde1 Nf6
22. Qc4 Qxh3 23. Re3 Bxe3 24. fxe3 Ng4 0-1

[Event "AUTO-OPEN-1625"]
[Site "http://www.queenalice.com/game.php?id=620499"]
[Date "2009.7.17"]
[Round "1"]
[White "salso"]
[Black "eduardokalegari"]
[Result "1-0"]
[WhiteElo "2029"]
[BlackElo "1747"]

1. d4 d5 2. e3 Nc6 3. Bd3 e5 4. dxe5 Nxe5 5. Nf3 Bd6 6. Nxe5 Bxe5 7. Nc3 Nf6 8.
h3 Qe7 9. Qf3 Bxc3+ 10. bxc3 Bd7 11. O-O O-O 12. a4 Qc5 13. Ba3 Qxc3 14. Bxf8
Rxf8 15. Rab1 Bxa4 16. Rxb7 Bc6 17. Rxc7 Ne4 18. Qf5 g6 19. Qf4 Nd2 20. Rd1 Ba4
21. Rxc3 1-0

[Event "Let's Play Chess!"]
[Site "http://www.queenalice.com/game.php?id=624924"]
[Date "2009.7.26"]
[Round "-"]
[White "eduardokalegari"]
[Black "Ekensberg"]
[Result "0-1"]
[WhiteElo "1843"]
[BlackElo "1669"]

1. e4 c5 2. Nf3 Nc6 3. Bc4 e6 4. Nc3 Nf6 5. d3 d5 6. Bb5 h6 7. Bxc6+ bxc6 8. Qe2
Qa5 9. Bd2 Qb6 10. Rb1 Be7 11. a3 O-O 12. O-O a5 13. Ne5 Qc7 14. Bf4 Bd6 15. Ng4
Bxf4 16. Nxf6+ gxf6 17. Qg4+ Kh7 0-1

[Event "AUTO-ADV-1419"]
[Site "http://www.queenalice.com/game.php?id=627372"]
[Date "2009.7.30"]
[Round "1"]
[White "RJGF"]
[Black "eduardokalegari"]
[Result "1-0"]
[WhiteElo "1938"]
[BlackElo "1562"]

1. d4 d5 2. c4 Nf6 3. Nc3 e6 4. Nf3 Nc6 5. cxd5 exd5 6. Bg5 Be7 7. e3 O-O 8. Bd3
h6 9. Bh4 Bg4 10. e4 dxe4 11. Nxe4 Bxf3 12. gxf3 Nxe4 13. fxe4 Nxd4 14. Bxe7 1-0

[Event "AUTO-ADV-1419"]
[Site "http://www.queenalice.com/game.php?id=627373"]
[Date "2009.7.30"]
[Round "1"]
[White "eduardokalegari"]
[Black "RJGF"]
[Result "0-1"]
[WhiteElo "1564"]
[BlackElo "1936"]

1. e4 e5 2. Nc3 Bb4 3. Nf3 Nc6 4. d4 exd4 5. Nxd4 Nf6 6. Bd2 Nxd4 7. a3 Ba5 8.
Be3 Bxc3+ 9. Bd2 Nxe4 10. Bxc3 Nxc3 11. bxc3 Qe7+ 12. Be2 Nxe2 13. Qxe2 Qxe2+
14. Kxe2 d5 15. Rhe1 O-O 0-1

[Event "AUTO-ADV-1419"]
[Site "http://www.queenalice.com/game.php?id=627384"]
[Date "2009.7.30"]
[Round "1"]
[White "eduardokalegari"]
[Black "koshnarek"]
[Result "0-1"]
[WhiteElo "1665"]
[BlackElo "1670"]

1. d4 d5 2. Nf3 f6 3. c4 dxc4 4. e4 b5 5. Nc3 c6 6. Be3 a6 7. b4 cxb3 8. axb3 e6
9. Bd3 Bb4 10. Bd2 Bb7 11. O-O a5 12. Qe2 Ne7 13. e5 Nd7 14. Rad1 Nd5 15. Nxd5
cxd5 16. Bxb5 f5 17. Bg5 Qc8 0-1

[Event "AUTO-ADV-1419"]
[Site "http://www.queenalice.com/game.php?id=627385"]
[Date "2009.7.30"]
[Round "1"]
[White "koshnarek"]
[Black "eduardokalegari"]
[Result "1-0"]
[WhiteElo "1652"]
[BlackElo "1711"]

1. e4 c5 2. Bc4 Nc6 3. c3 Nf6 4. Qe2 d6 5. Nf3 Bg4 6. d4 e5 7. d5 Ne7 8. h3 Bxf3
9. Qxf3 h6 10. Bb5+ Nd7 11. a4 a6 12. Bxd7+ Qxd7 13. c4 f5 14. Nc3 fxe4 15. Nxe4
O-O-O 16. O-O g5 17. g4 Bg7 18. Qf7 1-0

[Event "AUTO-OPEN-1639"]
[Site "http://www.queenalice.com/game.php?id=627645"]
[Date "2009.7.30"]
[Round "1"]
[White "spacey"]
[Black "eduardokalegari"]
[Result "1-0"]
[WhiteElo "1861"]
[BlackElo "1463"]

1. e4 c5 2. Nf3 Nc6 3. c3 Nf6 4. e5 Nd5 5. Bc4 Nb6 6. Bxf7+ Kxf7 7. Ng5+ Ke8 8.
Qf3 Nxe5 9. Qf4 d6 10. d4 Nd5 11. Qe4 Nf6 12. Qc2 h6 13. dxe5 dxe5 14. Qg6+ Kd7
15. Qd3+ 1-0

[Event "AUTO-OPEN-1639"]
[Site "http://www.queenalice.com/game.php?id=627646"]
[Date "2009.7.30"]
[Round "1"]
[White "eduardokalegari"]
[Black "spacey"]
[Result "0-1"]
[WhiteElo "1463"]
[BlackElo "1863"]

1. e4 e6 2. d4 d5 3. e5 c5 4. Nf3 Nc6 5. Be3 Qb6 6. b3 Bd7 7. Nc3 cxd4 8. Bxd4
Nxd4 9. Nxd4 Bc5 10. Nce2 Ne7 11. c3 Nf5 12. g3 Qc7 13. b4 Nxd4 14. Nxd4 Bxd4
15. cxd4 Qc3+ 0-1